| 000 | 00411nam a22001577a 4500 | ||
|---|---|---|---|
| 008 | 230704b |||||||| |||| 00| 0 eng d | ||
| 020 | _a8185829861 | ||
| 040 |
_aNational Science Library _cNational Science Library |
||
| 080 |
_a82-3MUD _bP1 |
||
| 100 | _aMudgal, Chitra | ||
| 245 | _aभूख | ||
| 260 |
_aDelhi: _bGyan Ganga, _c2001 |
||
| 300 | _a131p. | ||
| 650 | _aHindi Literature | ||
| 942 |
_2udc _cHBK |
||
| 999 |
_c49224 _d49224 |
||